000 00343nam a22001457a 4500
999 _c1663
_d1663
008 200128b ||||| |||| 00| 0 eng d
082 0 0 _a517
_bP5581
100 _91289
_aPhilips, H. B.
245 1 0 _aCalculus
_cby H B Philips
260 _aNew York
_bJohn-Wiley
_c1931
300 _av,353p.
365 _d9.00
650 0 _aCalculus
942 _cBK